[Event "2016 Redpath Mining Millionaire Chess Open"]
[Site "Venue: Old Ed’s Sports Complex, Houghton, Johannesburg"]
[Date "2016.07.17"]
[Round "8"]
[Board "1"]
[White "Xulu, Lindokuhle"]
[Black "Wilken, Justin Barend"]
[Result "0-1"]
[WhiteElo "1775"]
[BlackElo "1854"]
[PlyCount "0"]
[EventDate "2016.07.13"]
[EventRounds "9"]
[EventCountry "RSA"]

1. Nf3 {[%clk 1:27:49]} f5 {[%clk 1:30:35]} 2. b3 {[%clk 1:27:11]} d6
{[%clk 1:30:32]} 3. d4 {[%clk 1:27:22]} Nf6 {[%clk 1:30:50]} 4. Bb2
{[%clk 1:27:38]} g6 {[%clk 1:27:51]} 5. Qd3 {[%clk 1:27:08]} Bg7 {[%clk 1:27:28]}
6. Nbd2 {[%clk 1:26:01]} c6 {[%clk 1:24:14]} 7. e3 {[%clk 1:25:51]} a5
{[%clk 1:23:53]} 8. Be2 {[%clk 1:26:10]} Na6 {[%clk 1:24:01]} 9. a3
{[%clk 1:26:23]} Nc7 {[%clk 1:23:23]} 10. Rc1 {[%clk 1:26:31]} O-O
{[%clk 1:20:17]} 11. O-O {[%clk 1:26:43]} a4 {[%clk 1:16:56]} 12. Rfe1
{[%clk 1:26:56]} Bd7 {[%clk 1:09:30]} 13. Bf1 {[%clk 1:26:18]} Kh8
{[%clk 1:04:28]} 14. e4 {[%clk 1:26:18]} fxe4 {[%clk 1:04:43]} 15. Nxe4
{[%clk 1:26:37]} Bf5 {[%clk 1:05:02]} 16. c4 {[%clk 1:12:38]} Nxe4
{[%clk 1:04:15]} 17. Rxe4 {[%clk 1:12:38]} d5 {[%clk 1:02:37]} 18. cxd5
{[%clk 1:13:01]} cxd5 {[%clk 1:02:43]} 19. Ng5 {[%clk 0:54:17]} dxe4
{[%clk 0:59:28]} 20. Qg3 {[%clk 0:54:16]} Ne6 {[%clk 0:57:50]} 21. Nxh7
{[%clk 0:23:06]} Kxh7 {[%clk 0:57:40]} 22. Qh4+ {[%clk 0:23:30]} Kg8
{[%clk 0:57:15]} 23. g4 {[%clk 0:23:55]} g5 {[%clk 0:57:03]} 24. Qh5
{[%clk 0:21:20]} Qe8 {[%clk 0:56:39]} 25. Qxe8 {[%clk 0:21:43]} Rfxe8
{[%clk 0:56:12]} 26. gxf5 {[%clk 0:21:54]} Nxd4 {[%clk 0:56:14]} 27. Bxd4
{[%clk 0:19:36]} Bxd4 {[%clk 0:56:25]} 28. Rc4 {[%clk 0:20:01]} Red8
{[%clk 0:53:48]} 29. bxa4 {[%clk 0:17:02]} Rac8 {[%clk 0:52:03]} 30. Rb4
{[%clk 0:17:25]} Rc7 {[%clk 0:51:30]} 31. Bc4+ {[%clk 0:17:25]} Kg7
{[%clk 0:51:32]} 32. Kg2 {[%clk 0:17:47]} Bc3 {[%clk 0:51:27]} 33. Rb3
{[%clk 0:17:54]} Rxc4 {[%clk 0:51:51]} 34. Rxb7 {[%clk 0:18:15]} Bf6
{[%clk 0:52:11]} 35. Ra7 {[%clk 0:17:48]} Rd3 {[%clk 0:52:13]} 36. a5
{[%clk 0:17:57]} Rxa3 {[%clk 0:52:28]} 37. a6 {[%clk 0:18:19]} Rc2
{[%clk 0:52:47]} 38. Ra8 {[%clk 0:18:05]} e3 {[%clk 0:52:51]} 39. a7
{[%clk 0:17:50]} exf2 {[%clk 0:52:59]} 0-1

[Event "2016 Redpath Mining Millionaire Chess Open"]
[Site "Venue: Old Ed’s Sports Complex, Houghton, Johannesburg"]
[Date "2016.07.17"]
[Round "8"]
[Board "2"]
[White "Thabethe, Nhlanhla"]
[Black "Mbedza, Richard"]
[Result "1/2-1/2"]
[WhiteElo "1802"]
[BlackElo "1947"]
[PlyCount "0"]
[EventDate "2016.07.13"]
[EventRounds "9"]
[EventCountry "RSA"]

1. e4 {[%clk 1:30:52]} d5 {[%clk 1:24:39]} 2. exd5 {[%clk 1:30:53]} Qxd5
{[%clk 1:24:12]} 3. Nc3 {[%clk 1:31:14]} Qd6 {[%clk 1:23:55]} 4. d4
{[%clk 1:31:15]} c6 {[%clk 1:24:09]} 5. Nf3 {[%clk 1:31:10]} Bf5 {[%clk 1:24:08]}
6. Bc4 {[%clk 1:28:41]} e6 {[%clk 1:19:14]} 7. O-O {[%clk 1:26:15]} Nf6
{[%clk 1:19:04]} 8. Re1 {[%clk 1:25:59]} Be7 {[%clk 1:19:08]} 9. Ne5
{[%clk 1:23:54]} Nbd7 {[%clk 1:17:43]} 10. Qe2 {[%clk 1:23:00]} Nd5
{[%clk 1:15:34]} 11. Nxd5 {[%clk 1:22:04]} exd5 {[%clk 1:15:18]} 12. Bf4 O-O 13.
Nxd7 Qxd7 14. Qxe7 dxc4 15. Qxd7 Bxd7 16. Re7 Bf5 17. Rxb7 Bxc2 18. Re1 Rfd8 19.
f3 h6 20. Ree7 Bg6 21. Be5 Re8 22. Rxe8+ Rxe8 23. Rxa7 f6 24. Bd6 Re2 25. Rb7 Rd2
26. Bc5 Bd3 27. a4 f5 28. Bd6 g5 29. h4 Rd1+ 30. Kh2 Bf1 31. hxg5 hxg5 32. Be5 g4
33. fxg4 fxg4 34. Rg7+ Kf8 35. a5 Ra1 36. Rxg4 Kf7 37. Rf4+ 1/2-1/2

[Event "2016 Redpath Mining Millionaire Chess Open"]
[Site "Venue: Old Ed’s Sports Complex, Houghton, Johannesburg"]
[Date "2016.07.17"]
[Round "8"]
[Board "3"]
[White "Mateus, Domingos"]
[Black "Salimu, Reuben"]
[Result "1/2-1/2"]
[WhiteElo "1877"]
[BlackElo "1949"]
[PlyCount "0"]
[EventDate "2016.07.13"]
[EventRounds "9"]
[EventCountry "RSA"]

1. e4 {[%clk 1:25:09]} c5 {[%clk 1:30:51]} 2. Nc3 {[%clk 1:25:24]} Nc6
{[%clk 1:31:11]} 3. f4 {[%clk 1:25:44]} g6 {[%clk 1:31:34]} 4. Nf3
{[%clk 1:26:11]} Bg7 {[%clk 1:31:56]} 5. Bc4 {[%clk 1:26:37]} e6 {[%clk 1:32:13]}
6. d3 {[%clk 1:26:53]} Nge7 {[%clk 1:32:30]} 7. O-O {[%clk 1:27:12]} O-O
{[%clk 1:32:19]} 8. Kh1 {[%clk 1:26:43]} d5 {[%clk 1:32:01]} 9. Bb3
{[%clk 1:26:52]} a6 {[%clk 1:30:12]} 10. a4 {[%clk 1:25:27]} Rb8 {[%clk 1:30:01]}
11. Ng5 {[%clk 1:24:29]} Nd4 {[%clk 1:28:26]} 12. Ba2 {[%clk 1:23:18]} b5
{[%clk 1:27:47]} 13. axb5 {[%clk 1:22:38]} axb5 {[%clk 1:28:15]} 14. Ne2
{[%clk 1:22:53]} Nec6 {[%clk 1:24:46]} 15. c3 {[%clk 1:22:50]} Nxe2
{[%clk 1:24:50]} 16. Qxe2 {[%clk 1:23:19]} b4 {[%clk 1:23:20]} 17. Bd2
{[%clk 1:22:45]} bxc3 {[%clk 1:21:51]} 18. Bxc3 {[%clk 1:22:59]} d4
{[%clk 1:21:07]} 19. Be1 {[%clk 1:23:17]} h6 {[%clk 1:21:22]} 20. Nf3
{[%clk 1:22:48]} Qb6 {[%clk 1:21:33]} 21. Rb1 {[%clk 1:22:22]} Ba6
{[%clk 1:21:53]} 22. h3 {[%clk 1:20:27]} Qa7 {[%clk 1:21:29]} 23. Ra1
{[%clk 1:19:24]} Qb6 {[%clk 1:21:33]} 24. Rb1 {[%clk 1:19:50]} Ra8
{[%clk 1:21:36]} 25. Bc4 {[%clk 1:16:26]} Bxc4 {[%clk 1:21:36]} 26. dxc4
{[%clk 1:16:55]} Ra2 {[%clk 1:21:41]} 27. Rf2 {[%clk 1:17:00]} Qb3
{[%clk 1:19:50]} 28. e5 {[%clk 1:15:41]} Nb4 {[%clk 1:16:34]} 29. Bxb4
{[%clk 1:14:52]} Qxb4 {[%clk 1:17:01]} 30. Nd2 {[%clk 1:14:50]} Rxb2
{[%clk 1:17:14]} 31. Rxb2 {[%clk 1:15:05]} Qxb2 {[%clk 1:17:39]} 32. Ne4
{[%clk 1:15:34]} Qxe2 {[%clk 1:16:27]} 33. Rxe2 {[%clk 1:16:03]} Rc8
{[%clk 1:16:29]} 34. Ra2 {[%clk 1:15:29]} Bf8 {[%clk 1:16:43]} 35. Kg1
{[%clk 1:15:43]} Rb8 {[%clk 1:09:46]} 36. Ra7 {[%clk 1:15:24]} Rc8
{[%clk 1:01:48]} 37. Kf1 {[%clk 1:15:26]} Kg7 {[%clk 0:59:32]} 38. Ke2
{[%clk 1:14:52]} Rb8 {[%clk 0:58:02]} 39. Nf6 {[%clk 1:14:21]} g5
{[%clk 0:57:11]} 40. g3 {[%clk 1:14:22]} Rb3 {[%clk 0:56:14]} 41. Rc7
{[%clk 1:14:25]} Kg6 {[%clk 0:56:04]} 42. Rc8 {[%clk 1:14:18]} Be7
{[%clk 0:48:05]} 43. Ng8 {[%clk 1:14:15]} Rxg3 {[%clk 0:45:32]} 44. Nxe7+
{[%clk 1:14:13]} Kh5 {[%clk 0:43:14]} 45. fxg5 {[%clk 1:14:34]} Re3+
{[%clk 0:43:31]} 46. Kd2 {[%clk 1:14:04]} Rxe5 {[%clk 0:43:41]} 47. gxh6
{[%clk 1:14:32]} Kxh6 {[%clk 0:43:51]} 48. Nc6 {[%clk 1:12:51]} Rf5
{[%clk 0:43:30]} 49. Nd8 {[%clk 1:13:06]} Kg6 {[%clk 0:43:05]} 50. Nb7
{[%clk 1:13:33]} Rf2+ {[%clk 0:43:01]} 51. Kd1 {[%clk 1:12:28]} e5
{[%clk 0:42:44]} 52. Nxc5 {[%clk 1:12:49]} Rh2 {[%clk 0:42:28]} 53. Rh8
{[%clk 1:12:22]} f5 {[%clk 0:42:14]} 54. Rg8+ {[%clk 1:10:32]} Kf6
{[%clk 0:42:04]} 55. Rf8+ {[%clk 1:10:24]} Kg6 {[%clk 0:42:19]} 56. Rg8+
{[%clk 1:10:32]} Kf6 57. Rf8+ Kg6 {[%clk 0:41:28]} 58. Rg8+ {[%clk 1:10:53]}
 1/2-1/2

[Event "2016 Redpath Mining Millionaire Chess Open"]
[Site "Venue: Old Ed’s Sports Complex, Houghton, Johannesburg"]
[Date "2016.07.17"]
[Round "8"]
[Board "4"]
[White "Grobbelaar, Jacqui"]
[Black "Agostinho, Diogo"]
[Result "0-1"]
[WhiteElo "1550"]
[BlackElo "2055"]
[PlyCount "0"]
[EventDate "2016.07.13"]
[EventRounds "9"]
[EventCountry "RSA"]

1. e4 {[%clk 1:30:58]} Nf6 {[%clk 1:23:56]} 2. Nc3 {[%clk 1:31:15]} d5
{[%clk 1:24:15]} 3. e5 {[%clk 1:30:00]} Nfd7 {[%clk 1:24:43]} 4. d4
{[%clk 1:29:32]} e6 {[%clk 1:25:09]} 5. Nf3 {[%clk 1:29:39]} c5 {[%clk 1:25:34]}
6. Be3 {[%clk 1:24:04]} Nc6 {[%clk 1:25:47]} 7. Bb5 {[%clk 1:23:39]} cxd4
{[%clk 1:24:42]} 8. Bxd4 {[%clk 1:23:14]} a6 {[%clk 1:23:41]} 9. Bxc6
{[%clk 1:21:58]} bxc6 {[%clk 1:24:09]} 10. Be3 {[%clk 1:22:17]} c5
{[%clk 1:21:25]} 11. Bg5 {[%clk 1:22:03]} Qb6 {[%clk 1:18:32]} 12. Qc1
{[%clk 1:21:22]} Bb7 {[%clk 1:18:12]} 13. O-O {[%clk 1:11:44]} d4
{[%clk 1:18:06]} 14. Na4 {[%clk 1:09:27]} Qb5 {[%clk 1:18:01]} 15. Qf4
{[%clk 1:05:40]} Qxa4 {[%clk 1:16:30]} 16. c3 {[%clk 1:06:05]} h6
{[%clk 1:15:32]} 17. cxd4 {[%clk 1:05:44]} Rc8 {[%clk 1:10:54]} 18. dxc5
{[%clk 1:00:51]} Qxf4 {[%clk 1:10:50]} 19. Bxf4 {[%clk 1:01:14]} Bxc5
{[%clk 1:11:04]} 20. Rac1 {[%clk 0:59:46]} g5 {[%clk 1:11:18]} 21. Bg3
{[%clk 0:59:39]} Ke7 {[%clk 1:11:30]} 22. Rfd1 {[%clk 0:57:34]} Bb6
{[%clk 1:11:41]} 23. Rb1 {[%clk 0:57:33]} Rc2 {[%clk 1:11:19]} 24. Rd6
{[%clk 0:56:34]} Rhc8 {[%clk 1:11:26]} 25. Rbd1 {[%clk 0:56:05]} Bd5
{[%clk 1:10:57]} 26. h4 {[%clk 0:56:10]} g4 {[%clk 1:10:27]} 27. Nd4
{[%clk 0:55:49]} Rxb2 {[%clk 1:10:13]} 28. a4 {[%clk 0:54:48]} Rc4
{[%clk 1:09:36]} 29. Nf5+ {[%clk 0:54:24]} Ke8 {[%clk 1:06:19]} 30. Nxh6
{[%clk 0:52:20]} Nc5 {[%clk 1:05:03]} 31. a5 {[%clk 0:49:39]} Bc7
{[%clk 1:05:07]} 0-1

[Event "2016 Redpath Mining Millionaire Chess Open"]
[Site "Venue: Old Ed’s Sports Complex, Houghton, Johannesburg"]
[Date "2016.07.17"]
[Round "8"]
[Board "5"]
[White "Marais, Daniel"]
[Black "Avelino, Fernandes"]
[Result "1-0"]
[WhiteElo "1771"]
[BlackElo "2013"]
[PlyCount "0"]
[EventDate "2016.07.13"]
[EventRounds "9"]
[EventCountry "RSA"]

1. e4 {[%clk 1:30:57]} e6 {[%clk 1:25:33]} 2. d4 {[%clk 1:31:21]} Ne7
{[%clk 1:25:56]} 3. Bd3 {[%clk 1:29:57]} d6 {[%clk 1:25:42]} 4. f4
{[%clk 1:30:10]} c6 {[%clk 1:25:53]} 5. Nf3 {[%clk 1:30:35]} Nd7 {[%clk 1:26:03]}
6. O-O {[%clk 1:30:53]} d5 {[%clk 1:25:26]} 7. e5 {[%clk 1:31:15]} c5
{[%clk 1:25:35]} 8. c3 {[%clk 1:31:31]} Nc6 {[%clk 1:25:20]} 9. Be3
{[%clk 1:30:16]} Qb6 {[%clk 1:25:05]} 10. Qc2 {[%clk 1:30:34]} g6
{[%clk 1:25:22]} 11. Nbd2 {[%clk 1:28:43]} Be7 {[%clk 1:24:20]} 12. a3
{[%clk 1:28:41]} a5 {[%clk 1:24:32]} 13. Ng5 {[%clk 1:27:30]} cxd4 14. Bf2
{[%clk 1:20:15]} Ndxe5 {[%clk 1:22:56]} 15. cxd4 {[%clk 1:18:37]} Nxd3
{[%clk 1:22:47]} 16. Qxd3 {[%clk 1:19:01]} Bf6 {[%clk 1:23:03]} 17. Ngf3
{[%clk 1:18:39]} a4 {[%clk 1:21:55]} 18. Ne5 {[%clk 1:18:46]} O-O
{[%clk 1:21:16]} 19. g4 {[%clk 1:10:32]} Ra5 {[%clk 1:21:11]} 20. g5
{[%clk 1:09:37]} Bg7 {[%clk 1:21:32]} 21. h4 {[%clk 1:09:59]} Rb5
{[%clk 1:21:07]} 22. h5 {[%clk 1:09:53]} Rxb2 {[%clk 1:21:27]} 23. hxg6
{[%clk 1:09:57]} fxg6 {[%clk 1:21:11]} 24. Be3 {[%clk 1:10:05]} Qb5
{[%clk 1:20:41]} 25. Qc3 {[%clk 1:09:41]} Ne7 {[%clk 1:19:44]} 26. Nd3
{[%clk 1:08:54]} Nf5 {[%clk 1:18:32]} 27. Nxb2 {[%clk 1:05:14]} Nxe3
{[%clk 1:17:35]} 28. Qxe3 {[%clk 1:05:39]} Qxb2 {[%clk 1:17:30]} 29. Nf3
{[%clk 1:05:55]} Qc2 {[%clk 1:17:29]} 30. Rac1 {[%clk 1:05:47]} Qf5
{[%clk 1:17:08]} 31. Ne5 {[%clk 1:05:49]} h6 {[%clk 1:16:11]} 32. Rf2
{[%clk 1:04:09]} b6 {[%clk 1:14:55]} 33. gxh6 {[%clk 1:02:44]} Bxh6
{[%clk 1:15:07]} 34. Rcf1 {[%clk 1:00:00]} Ba6 {[%clk 1:15:02]} 35. Nc6
{[%clk 0:59:13]} Rf7 {[%clk 1:14:09]} 36. Re1 {[%clk 0:58:46]} Bxf4
{[%clk 1:10:49]} 37. Qxe6 {[%clk 0:57:51]} Qxe6 {[%clk 1:10:44]} 38. Rxe6
{[%clk 0:58:18]} g5 {[%clk 1:11:00]} 39. Ne7+ {[%clk 0:58:18]} Kg7
{[%clk 1:10:10]} 40. Nxd5 {[%clk 0:58:36]} Bc4 {[%clk 1:04:50]} 41. Nxf4
{[%clk 0:58:54]} gxf4 {[%clk 1:05:18]} 42. Rxb6 {[%clk 0:59:13]} f3
{[%clk 1:05:13]} 43. Kh2 {[%clk 0:57:50]} Be2 {[%clk 1:05:12]} 44. Rb4
{[%clk 0:57:40]} Ra7 {[%clk 0:59:24]} 45. Kg3 {[%clk 0:57:41]} Kf6
{[%clk 0:59:18]} 46. Kf4 {[%clk 0:58:05]} Ra5 {[%clk 0:58:40]} 47. Ke4
{[%clk 0:56:58]} Kg5 {[%clk 0:58:03]} 48. d5 {[%clk 0:56:20]} Kg4
{[%clk 0:57:09]} 49. Ke3+ {[%clk 0:55:07]} Kg3 {[%clk 0:57:26]} 50. Rd4
{[%clk 0:55:29]} Rb5 {[%clk 0:56:09]} 51. Rxe2 {[%clk 0:55:03]} fxe2
{[%clk 0:50:07]} 52. Kxe2 {[%clk 0:55:27]} Rb2+ {[%clk 0:49:40]} 53. Ke3
{[%clk 0:55:34]} Rb3+ {[%clk 0:49:12]} 54. Rd3 {[%clk 0:55:59]} Kg4
{[%clk 0:49:26]} 55. d6 {[%clk 0:56:17]} Rb8 {[%clk 0:49:35]} 56. Rd5
{[%clk 0:56:42]} Re8+ {[%clk 0:49:42]} 57. Kd4 {[%clk 0:57:06]} Kf4
{[%clk 0:49:43]} 58. d7 {[%clk 0:57:27]} Rd8 {[%clk 0:49:50]} 59. Kc5
{[%clk 0:57:52]} Ke4 {[%clk 0:50:01]} 60. Kc6 {[%clk 0:58:08]} 1-0

[Event "2016 Redpath Mining Millionaire Chess Open"]
[Site "Venue: Old Ed’s Sports Complex, Houghton, Johannesburg"]
[Date "2016.07.17"]
[Round "8"]
[Board "6"]
[White "February, Jesse Nikki"]
[Black "Tembo, Epah"]
[Result "1/2-1/2"]
[WhiteElo "1906"]
[BlackElo "1919"]
[PlyCount "0"]
[EventDate "2016.07.13"]
[EventRounds "9"]
[EventCountry "RSA"]

1. c4 {[%clk 1:30:52]} e6 {[%clk 1:30:44]} 2. g3 {[%clk 1:27:42]} Nf6
{[%clk 1:30:57]} 3. Bg2 {[%clk 1:27:55]} d5 {[%clk 1:28:46]} 4. Nf3
{[%clk 1:24:09]} Be7 {[%clk 1:28:42]} 5. b3 {[%clk 1:23:47]} c6 {[%clk 1:26:46]}
6. Bb2 {[%clk 1:23:57]} Nbd7 {[%clk 1:27:06]} 7. O-O {[%clk 1:23:41]} O-O
{[%clk 1:27:25]} 8. d4 {[%clk 1:18:06]} Bd6 {[%clk 1:26:11]} 9. Nbd2
{[%clk 1:16:03]} Rb8 {[%clk 1:24:30]} 10. Qc2 {[%clk 1:11:56]} Re8
{[%clk 1:23:54]} 11. e4 {[%clk 1:01:25]} dxe4 {[%clk 1:19:35]} 12. Nxe4
{[%clk 0:59:19]} Nxe4 {[%clk 1:19:42]} 13. Qxe4 {[%clk 0:59:40]} Nf6
{[%clk 1:19:04]} 14. Qc2 {[%clk 0:59:14]} Qa5 {[%clk 1:13:24]} 15. Rfe1
{[%clk 0:53:11]} Qf5 {[%clk 1:11:19]} 16. Qxf5 {[%clk 0:51:18]} exf5
{[%clk 1:11:46]} 17. Rxe8+ {[%clk 0:51:39]} Nxe8 {[%clk 1:11:35]} 18. Re1
{[%clk 0:50:29]} Bd7 {[%clk 1:11:43]} 19. Ne5 {[%clk 0:49:18]} Nf6
{[%clk 1:08:30]} 20. Nxd7 {[%clk 0:39:49]} Nxd7 {[%clk 1:06:43]} 21. d5
{[%clk 0:39:47]} c5 {[%clk 1:05:18]} 22. h4 {[%clk 0:34:56]} Kf8 {[%clk 1:02:49]}
23. h5 {[%clk 0:34:39]} Kg8 {[%clk 0:54:15]} 24. Bh3 {[%clk 0:31:48]} g6
{[%clk 0:54:31]} 25. hxg6 {[%clk 0:30:18]} hxg6 {[%clk 0:54:31]} 26. g4
{[%clk 0:28:52]} fxg4 {[%clk 0:51:58]} 27. Bxg4 {[%clk 0:29:16]} Nf8
{[%clk 0:52:03]} 28. Re3 {[%clk 0:23:31]} f5 {[%clk 0:51:00]} 29. Bd1
{[%clk 0:17:50]} Kf7 {[%clk 0:51:17]} 30. Kg2 {[%clk 0:17:17]} Bf4
{[%clk 0:45:37]} 31. Be5 {[%clk 0:15:27]} Bxe5 {[%clk 0:45:04]} 32. Rxe5
{[%clk 0:15:53]} Kf6 {[%clk 0:44:33]} 33. f4 {[%clk 0:14:46]} Rd8
{[%clk 0:44:36]} 34. Bc2 {[%clk 0:14:25]} Kf7 {[%clk 0:39:40]} 35. Kg3
{[%clk 0:12:11]} Nh7 {[%clk 0:37:46]} 36. a3 {[%clk 0:10:20]} Nf8
{[%clk 0:34:56]} 37. b4 {[%clk 0:10:28]} Rc8 {[%clk 0:33:49]} 38. Bd3
{[%clk 0:10:18]} Nd7 {[%clk 0:32:44]} 39. Re2 {[%clk 0:09:15]} cxb4
{[%clk 0:28:49]} 40. axb4 {[%clk 0:09:34]} Nb6 {[%clk 0:29:13]} 41. d6
{[%clk 0:09:05]} Re8 {[%clk 0:28:40]} 42. c5 {[%clk 0:08:19]} Rxe2
{[%clk 0:26:17]} 43. Bxe2 {[%clk 0:08:44]} Nd7 {[%clk 0:25:03]} 44. Bc4+
{[%clk 0:08:32]} Kf6 {[%clk 0:25:11]} 45. Bd5 {[%clk 0:08:43]} a5
{[%clk 0:25:26]} 46. Bxb7 {[%clk 0:07:20]} axb4 {[%clk 0:24:30]} 47. c6
{[%clk 0:04:23]} Nb6 {[%clk 0:24:28]} 48. d7 {[%clk 0:02:43]} Ke7
{[%clk 0:24:37]} 49. Ba6 {[%clk 0:02:48]} b3 {[%clk 0:24:06]} 50. Kh4
{[%clk 0:02:24]} b2 {[%clk 0:23:55]} 51. Bd3 {[%clk 0:02:44]} Nd5
{[%clk 0:21:12]} 52. Kg5 {[%clk 0:03:04]} Nb4 {[%clk 0:17:25]} 53. Bb1
{[%clk 0:03:27]} Nxc6 54. Kxg6 Nd4 1/2-1/2

[Event "2016 Redpath Mining Millionaire Chess Open"]
[Site "Venue: Old Ed’s Sports Complex, Houghton, Johannesburg"]
[Date "2016.07.17"]
[Round "8"]
[Board "7"]
[White "Mpya, Tshediso M"]
[Black "Jurgens, John C."]
[Result "1-0"]
[WhiteElo "1941"]
[BlackElo "1714"]
[PlyCount "0"]
[EventDate "2016.07.13"]
[EventRounds "9"]
[EventCountry "RSA"]

1. d4 {[%clk 1:24:51]} Nf6 {[%clk 1:30:45]} 2. Nf3 {[%clk 1:24:34]} d5
{[%clk 1:31:01]} 3. Bf4 {[%clk 1:24:44]} e6 {[%clk 1:30:56]} 4. e3
{[%clk 1:24:53]} Be7 {[%clk 1:30:27]} 5. Nc3 {[%clk 1:25:15]} O-O
{[%clk 1:30:32]} 6. a3 {[%clk 1:25:41]} c6 {[%clk 1:29:36]} 7. Bd3
{[%clk 1:24:24]} Nbd7 {[%clk 1:29:40]} 8. Ng5 {[%clk 1:24:44]} Re8
{[%clk 1:26:47]} 9. Qf3 {[%clk 1:24:52]} Nf8 {[%clk 1:26:02]} 10. h4
{[%clk 1:25:02]} Bd6 {[%clk 1:21:52]} 11. Be5 {[%clk 1:25:02]} Qe7
{[%clk 1:20:02]} 12. O-O-O {[%clk 1:25:05]} Bxe5 {[%clk 1:19:43]} 13. dxe5
{[%clk 1:25:32]} N6d7 {[%clk 1:19:29]} 14. Qh5 {[%clk 1:25:35]} h6
{[%clk 1:19:32]} 15. f4 {[%clk 1:25:56]} f6 {[%clk 1:18:02]} 16. Bg6
{[%clk 1:25:30]} Nxg6 {[%clk 1:17:58]} 17. Qxg6 {[%clk 1:25:56]} Nf8
{[%clk 1:17:54]} 18. Qh5 {[%clk 1:25:54]} fxg5 {[%clk 1:17:19]} 19. hxg5
{[%clk 1:26:22]} Qf7 {[%clk 1:17:29]} 20. Qh3 {[%clk 1:26:48]} Qg6
{[%clk 1:10:02]} 21. Rdf1 {[%clk 1:26:23]} Re7 {[%clk 0:58:31]} 22. Rf3
{[%clk 1:24:56]} Kf7 {[%clk 0:57:36]} 23. g4 {[%clk 1:24:09]} Ke8
{[%clk 0:57:51]} 24. gxh6 {[%clk 1:24:22]} gxh6 {[%clk 0:57:13]} 25. f5
{[%clk 1:24:34]} exf5 {[%clk 0:56:32]} 26. gxf5 {[%clk 1:25:03]} Qh7
{[%clk 0:54:21]} 27. e6 {[%clk 1:24:58]} Nxe6 {[%clk 0:53:39]} 28. fxe6
{[%clk 1:25:26]} Bxe6 {[%clk 0:53:46]} 29. Qxh6 {[%clk 1:25:04]} Qxh6
{[%clk 0:54:00]} 30. Rxh6 {[%clk 1:25:33]} Kd7 {[%clk 0:54:10]} 31. e4
{[%clk 1:25:15]} dxe4 {[%clk 0:53:48]} 32. Nxe4 {[%clk 1:25:43]} Bd5
{[%clk 0:51:59]} 33. Nf6+ {[%clk 1:26:11]} Kc7 {[%clk 0:51:05]} 34. Nxd5+
{[%clk 1:26:34]} cxd5 {[%clk 0:51:09]} 35. Rc3+ {[%clk 1:26:53]} Kd7
{[%clk 0:51:08]} 36. Rd3 {[%clk 1:27:15]} Re5 {[%clk 0:50:56]} 37. Rh7+
{[%clk 1:26:31]} Re7 {[%clk 0:50:17]} 38. Rxd5+ {[%clk 1:26:54]} Ke6
{[%clk 0:50:22]} 39. Re5+ {[%clk 1:27:18]} Kxe5 {[%clk 0:50:24]} 40. Rxe7+
{[%clk 1:27:46]} Kd6 {[%clk 0:50:42]} 41. Rxb7 {[%clk 1:28:09]} Kc6
{[%clk 0:50:54]} 42. Rh7 {[%clk 1:28:36]} a5 {[%clk 0:51:10]} 43. b3
{[%clk 1:28:55]} a4 {[%clk 0:50:46]} 44. b4 {[%clk 1:29:24]} Kb5 {[%clk 0:50:46]}
45. Rh5+ {[%clk 1:29:45]} Kc4 {[%clk 0:50:52]} 46. Rc5+ {[%clk 1:30:06]} Kd4
{[%clk 0:51:05]} 47. c3+ {[%clk 1:30:21]} Ke4 1-0

[Event "2016 Redpath Mining Millionaire Chess Open"]
[Site "Venue: Old Ed’s Sports Complex, Houghton, Johannesburg"]
[Date "2016.07.17"]
[Round "8"]
[Board "8"]
[White "Ndlovu, Talia"]
[Black "Musekiwa, Michael"]
[Result "0-1"]
[WhiteElo "1203"]
[BlackElo "1880"]
[PlyCount "0"]
[EventDate "2016.07.13"]
[EventRounds "9"]
[EventCountry "RSA"]

1. d4 {[%clk 1:26:40]} Nf6 {[%clk 1:29:37]} 2. Nf3 {[%clk 1:26:54]} g6
{[%clk 1:29:32]} 3. Bf4 {[%clk 1:27:04]} Bg7 {[%clk 1:29:49]} 4. e3
{[%clk 1:27:12]} O-O {[%clk 1:30:13]} 5. Bd3 {[%clk 1:27:35]} b6 {[%clk 1:30:08]}
6. c4 {[%clk 1:27:23]} Bb7 {[%clk 1:30:32]} 7. Nc3 {[%clk 1:27:15]} d6
{[%clk 1:30:47]} 8. e4 {[%clk 1:25:16]} Nh5 {[%clk 1:29:26]} 9. Be3
{[%clk 1:23:59]} Nd7 {[%clk 1:29:44]} 10. O-O {[%clk 1:24:06]} c5
{[%clk 1:29:58]} 11. Re1 {[%clk 1:22:06]} cxd4 {[%clk 1:29:29]} 12. Bxd4
{[%clk 1:22:14]} e5 {[%clk 1:29:16]} 13. Be3 {[%clk 1:21:51]} Nc5
{[%clk 1:29:22]} 14. Bc2 {[%clk 1:15:27]} Qd7 {[%clk 1:28:58]} 15. Bxc5
{[%clk 1:12:06]} bxc5 {[%clk 1:29:26]} 16. Nb5 {[%clk 1:12:01]} Rfd8
{[%clk 1:29:33]} 17. Nh4 {[%clk 1:08:17]} a6 {[%clk 1:27:23]} 18. Nc3
{[%clk 1:08:19]} Bf6 {[%clk 1:27:33]} 19. Nf5 {[%clk 1:08:04]} Nf4
{[%clk 1:27:19]} 20. Ne3 {[%clk 1:08:04]} Bg7 {[%clk 1:27:28]} 21. Ba4
{[%clk 1:00:24]} Qe7 {[%clk 1:26:40]} 22. Ncd5 {[%clk 0:54:12]} Qg5
{[%clk 1:25:45]} 23. Qg4 {[%clk 0:52:41]} Qh6 {[%clk 1:24:24]} 24. Nb6
{[%clk 0:49:12]} Ra7 {[%clk 1:23:36]} 25. Ned5 {[%clk 0:46:49]} Nd3
{[%clk 1:23:31]} 26. Re2 Bxd5 27. Nxd5 {[%clk 0:38:47]} Rb7 {[%clk 1:23:12]} 28.
b3 {[%clk 0:35:47]} Nf4 {[%clk 1:23:14]} 29. Rc2 {[%clk 0:34:35]} Nxd5
{[%clk 1:23:40]} 30. cxd5 {[%clk 0:33:49]} Rb4 {[%clk 1:24:00]} 31. Rc4
{[%clk 0:30:27]} Rdb8 {[%clk 1:24:26]} 32. Qe2 {[%clk 0:30:19]} a5
{[%clk 1:24:08]} 33. a3 {[%clk 0:28:37]} R4b6 {[%clk 1:23:02]} 34. Rac1
{[%clk 0:27:07]} f5 {[%clk 1:22:39]} 35. f3 {[%clk 0:26:35]} Qh5 {[%clk 1:22:44]}
36. Qe1 {[%clk 0:25:49]} Bh6 {[%clk 1:22:50]} 37. R1c2 {[%clk 0:25:19]} Bf4
{[%clk 1:23:04]} 38. g3 {[%clk 0:23:21]} Bh6 {[%clk 1:23:25]} 39. Qxa5
{[%clk 0:22:20]} Qxf3 {[%clk 1:23:35]} 40. R2c3 {[%clk 0:20:00]} Be3+
{[%clk 1:23:20]} 41. Rxe3 {[%clk 0:20:09]} Qxe3+ {[%clk 1:23:48]} 42. Kg2
{[%clk 0:18:30]} f4 {[%clk 1:24:06]} 43. gxf4 {[%clk 0:16:10]} exf4
{[%clk 1:24:33]} 44. Qc3 {[%clk 0:14:44]} Qe2+ {[%clk 1:24:46]} 45. Kg1
{[%clk 0:14:21]} f3 46. Qc2 f2+ {[%clk 1:23:25]} 47. Kg2 {[%clk 0:12:55]} f1=Q+
{[%clk 1:23:50]} 48. Kg3 {[%clk 0:13:18]} Qff3+ {[%clk 1:23:56]} 0-1